banner-ar

اذكار اليوم والليلة / (Record no. 30865)

MARC details
000 -الفاتح
حقل البيانات ثابتة الطول 00645nam a2200169Ia 4500
005 - وقت وتاريخ اخر تعامل مع التسجيلة
رقم الضبط 20240530102238.0
008 - عناصر البيانات ثابتة الطول - معلومات عامة
حقل البيانات ثابتة الطول 140319s9999 xx 000 0 ara d
040 ## - مصدر الفهرسة
وكالة الفهرسة الأصلية GCL /
وكالة النسخ GCL
082 04 - رقم تصنيف ديوى العشرى
رقم التصنيف 252
رقم المادة اا
100 1# - المدخل الرئيسى - إسم شخصى
الإسم الشخصى ابن قيم الجوزية: شمس الدين ابو عبدالله محمد بن ابى بكر
245 10 - بيان العنوان
العنوان اذكار اليوم والليلة /
بيان المسئوليه,etc ابن قيم الجوزية: شمس الدين ابو عبدالله محمد بن ابى بكر
260 ## - PUBLICATION, DISTRIBUTION, ETC. (IMPRINT)
تاريخ النشر أو التوزيع 1985
300 ## - الوصف المادى
التعداد 95 ص
650 04 - المدخل الاضافى بالموضوع-مصطلح موضوعى
مصطلح موضوعي الفقه الاسلامى
942 ## - عناصر المدخل الإضافي( كوها)
مصدر التصنيف او مخطط الترفيف Dewey Decimal Classification
Koha [default] item type كتاب
260 ## - PUBLICATION, DISTRIBUTION, ETC. (IMPRINT)
-- [S.N] :
-- مكتبة التراث الاسلامى ،
Holdings
حالة التراجع حالة الفقد حالة تلف ليس للاعارة المكان المؤقت الموقع الحالى تاريخ الاكتساب اجمالي اﻻعارات رقم الطلب الباركود تاريخ اخر مشاهدة تاريخ تفعيل السعر نوع وعاء كوها مصدر التصنيف او خطة الترفيف
        مكتبة القاهرة الكبرى مكتبة القاهرة الكبرى 03/26/2014   252\اا 71865 03/26/2014 03/26/2014 كتاب  
        مكتبة القاهرة الكبرى مكتبة القاهرة الكبرى 07/28/2019   252 اا 166282 07/28/2019 07/28/2019 كتاب ddc

Powered By

EGPV